000
00274nam a2200121Ia 4500
008
240624s9999 xx 000 0 und d
041
_a
eng
082
_a
823 TAS
100
_a
TASEER AATISH
245
_a
WAY THINGS WERE
260
_a
New Delhi
_b
Picador India
365
_c
RS
999
_c
24436
_d
24436